The story of Tobago, Robinson Crusoe's island in the Caribbean /

Bibliographic Details
Main Author: Ottley, C. R. (Carlton Robert)
Format: Book
Language:English
Published: [Trinidad] : Longman Caribbean, [1973]
Subjects:

MARC

Tag First Indicator Second Indicator Subfields
LEADER 00000cam a2200000 4500
001 in00000257525
005 20151010053637.0
008 740325s1973 tr a 00010 eng
010 |a  74159820  
020 |a 058276713X  |c $2.50 
035 |a (OCoLC)00867274 
035 |9 ABC5242AM 
040 |a DLC  |c DLC  |d TXA  |d UtOrBLW 
043 |a nwtr--- 
049 |a TXAM  |c [925592] 
050 0 0 |a F2119  |b .O82 
082 0 |a 972.9/83 
100 1 |a Ottley, C. R.  |q (Carlton Robert) 
245 1 4 |a The story of Tobago, Robinson Crusoe's island in the Caribbean /  |c [by] C. R. Ottley. 
264 1 |a [Trinidad] :  |b Longman Caribbean,  |c [1973] 
300 |a vi, 114 pages :  |b illustrations ;  |c 19 cm. 
336 |a text  |b txt  |2 rdacontent 
337 |a unmediated  |b n  |2 rdamedia 
338 |a volume  |b nc  |2 rdacarrier 
651 0 |a Tobago  |x History. 
999 |a MARS 
999 f f |s 6d14a2f1-87be-3ec9-ba87-f8cee843f6ea  |i 04841547-65f9-371c-9f45-d06d49db0744  |t 0 
952 f f |p ric  |a Texas A&M University  |b Rellis Campus  |c Joint Library Facility  |d Remote Storage  |t 0  |e F2119 .O82  |h Library of Congress classification  |i unmediated -- volume  |m A14802361289 
998 f f |a F2119 .O82  |t 0  |l Remote Storage